Colloquium on Random Signal Analysis, 1 April 1977 : venue, IEE, London /

Saved in:
Bibliographic Details
Corporate Authors: Colloquium on Random Signal Analysis London, England, Institution of Electrical Engineers. Professional Group E1 (Electronic Measuring Instruments and Techniques)
Format: Conference Proceeding Book
Language:English
Published: London : IEE, c1977.
Series:IEE conference publication ; no. 159
Subjects:
Online Access:Table of contents
Publisher description
LEADER 01725cam a2200373 a 4500
001 c000293548
003 CARM
005 20090825090658.0
008 861009s1977 enka b 100 0 eng d
010 |a 85186596 
019 1 |a 2283688  |z 2617920  |z 2680522  |z 45926544  |5 LACONCORD2021 
020 |a 0852961723 (pbk.) 
035 |a (OCoLC)14692072  |5 LACONCORD2021 
040 |a DLC  |b eng  |c DLC  |d DLC  |d LC  |d ANL  |d VCAV 
050 0 0 |a TK5102.5  |b .C614 1977 
050 1 4 |a TK1.I57  |b no.159 1977 
082 0 4 |a 621.380433  |2 19 
111 2 |a Colloquium on Random Signal Analysis  |d (1977 :  |c London, England) 
245 1 0 |a Colloquium on Random Signal Analysis, 1 April 1977 :  |b venue, IEE, London /  |c organised by the Institution of Electrical Engineers, Professional Group E1 (Electronic measuring instruments and techniques). 
246 3 |a Random signal analysis 
260 |a London :  |b IEE,  |c c1977. 
300 |a v, 190 p. :  |b ill. ;  |c 30 cm. 
490 0 |a IEE conference publication ;  |v no. 159 
500 |a Cover title: Random signal analysis. 
504 |a Includes bibliographies. 
650 0 |a Signal processing. 
650 0 |a Stochastic processes. 
710 2 |a Institution of Electrical Engineers.  |b Professional Group E1 (Electronic Measuring Instruments and Techniques) 
740 0 |a Random signal analysis. 
856 4 1 |3 Table of contents  |u http://www.loc.gov/catdir/toc/wap041/85186596.html 
856 4 2 |3 Publisher description  |u http://www.loc.gov/catdir/description/wap041/85186596.html 
852 8 |b CARM  |h A1:AO04C0  |i F02334  |p 0382122  |f BK 
999 f f |i dbd8b21b-3c9f-5ee6-b50c-48c7730f334e  |s dcc4d742-3403-50c8-b921-b29adabf98d5 
952 f f |p Can circulate  |a CAVAL  |b CAVAL  |c CAVAL  |d CARM 1 Store  |e F02334  |f A1:AO04C0  |h Other scheme  |i book  |m 0382122